000
00327nam a2200145Ia 4500
100
_a
Kostenko/M. Piotrovsky/L
650
_a
Electrical Engineering
942
_c
BK
654
_a
Machines
245
_a
Electrical Machines Vol. I
260
_b
Mir Publishers
_c
2001
082
_a
621.3
300
_a
586
546
_a
ENGLISH
999
_c
28281
_d
28281